=LDR 00000nam 2200000 4500 =001 INLIS000000000038889 =005 20141128150719.0 =006 =007 =008 ind =035 ##$$0010-061300000038889 =041 ##$$a ind =082 ##$$a 813 =090 ##$$a 813, Agu a =100 ##$$a AGUSTONO, Ugi =245 ##$$a Anakluh berwajah bumi/Ugi Agustono;Editor, Mira rainayati =260 ##$$a violet books6c2010 $b Jakarta =300 ##$$a 171 Hlm, 21 Cm =650 ##$$a FIKSI =850 ##$$a NBPNMAT =990 ##$$a 0001/BPAP-NTB/20142014 =990 ##$$a 0001/BPAP-NTB/20142014 =990 ##$$a 0001/BPAP-NTB/2016